| 000 | 01201nam a22002537a 4500 | ||
|---|---|---|---|
| 005 | 20120112143825.0 | ||
| 008 | 120112t xxu||||| |||| 00| 0 mar d | ||
| 010 | _aMAR-22091 | ||
| 020 |
_c325.00 _a9789380700526 |
||
| 035 | _aMR-14749 | ||
| 037 | _bDBAD/PUB | ||
| 040 |
_aDPL _bMR |
||
| 082 | _a891.463 | ||
| 100 |
_939079 _aझुंजारे, रामराव अनिरुद्ध |
||
| 245 |
_aज़लमबेडी / _cरामराव अनिरुद्ध झुंजारे |
||
| 246 |
_aJalambedi _bby Ramrao Aniruddh Zunjare |
||
| 260 |
_aमुंबई _bलोकवाड्.मय गृह _c2011 |
||
| 270 |
_aभूपेश गुप्ता भवन 85,सयानी रोड,प्रभादेवी _bमुंबई _e400025 |
||
| 300 |
_a305पृ _c21सेमी(अजिल्द) |
||
| 650 |
_aमराठी कादंबरी _947100 |
||
| 650 |
_aMarathi Fiction _947101 |
||
| 942 |
_2ddc _cMR _mझुंजारे _h891.463 |
||
| 999 |
_c66648 _d66648 |
||